000 00442nam a22001457a 4500
005 20170411101936.0
008 170411b xxu||||| |||| 00| 0 eng d
040 _cPK-LaUMT
082 _a613
_bKHA-S
100 _aKhan, S. A. =خان، ایس، اے
245 _aSehat hi zindgi he = صحت ہی زندگی ہے /
_cKhan, S. A. =خان، ایس، اے
260 _aLahore :
_bJamhuri Publications,
_c2015
300 _a198 p.
942 _cBK
999 _c92461
_d92461